[Event "Lund CellaVision Cup"]
[Site "Lund"]
[Date "2019.08.02"]
[Round "2"]
[White "Seo, Jung Min"]
[Black "Jafarzadeh, Mehrdad"]
[Result "1-0"]
[WhiteElo "2409"]
[BlackElo "2089"]
[PlyCount "80"]
[EventDate "2019.08.02"]
[EventType "swiss"]
[EventRounds "8"]
[EventCountry "SWE"]
[SourceTitle "CBM 191 Extra"]
[Source "ChessBase"]
[SourceDate "2019.09.30"]
[SourceVersion "1"]
[SourceVersionDate "2019.09.30"]
[SourceQuality "1"]

1. e4 c6 2. d4 d5 3. exd5 cxd5 4. Bd3 Nc6 5. c3 Nf6 6. h3 e5 7. dxe5 Nxe5 8. Bb5+ Bd7 9. Bxd7+ Qxd7 10. Nf3 Nc6 11. 0-0 Be7 12. Bf4 0-0 13. Nbd2 d4 14. cxd4 Nxd4 15. Be5 Nc6 16. Bxf6 Bxf6 17. Ne4 Qf5 18. Nxf6+ Qxf6 19. Qb3 b6 20. Rac1 Nd4 21. Nxd4 Qxd4 22. Rfd1 Qf4 23. Rc4 Qe5 24. Rcd4 h6 25. Rd7 Qf6 26. R1d6 Qe5 27. Rd1 Qf6 28. Qa3 Rfe8 29. b3 Re2 30. Rf1 Rc8 31. Rd6 Qf4 32. Qa6 Rcc2 33. Rd8+ Kh7 34. Qd3+ f5 35. Qd5 Rxf2 36. Qg8+ Kg6 37. Qe6+ Kh7 38. Qg8+ Kg6 39. Qe6+ Kh5 40. Qf7+ Kh4 1-0